[Event "Ruhrgebiet Verbandsklasse Gruppe 3 1819"]
[Site "Nordrheinwestfalen"]
[Date "2019.03.10"]
[Round "7.5"]
[White "Breidenbach, Rolf"]
[Black "Vavro, Maximilian"]
[Result "1-0"]
[WhiteElo "1895"]
[BlackElo "1694"]
[PlyCount "89"]
[EventDate "2018.09.23"]
[EventType "team-tourn"]
[EventRounds "9"]
[EventCountry "GER"]
[SourceTitle "EXT 2022"]
[Source "ChessBase"]
[SourceDate "2021.10.06"]
[SourceVersion "1"]
[SourceVersionDate "2021.10.06"]
[SourceQuality "1"]
[WhiteTeam "Waltrop SV"]
[BlackTeam "Muelheim Nord IV"]
[WhiteTeamCountry "GER"]
[BlackTeamCountry "GER"]

1. d4 d5 2. Bf4 Nf6 3. e3 Bf5 4. c3 e6 5. Nf3 c5 6. Bxb8 Rxb8 7. Bb5+ Ke7 8. dxc5 Qc7 9. b4 a6 10. Bd3 Ne4 11. Qc2 g6 12. Nbd2 Bg7 13. Nd4 Nxd2 14. Qxd2 Bxd3 15. Qxd3 e5 16. Ne2 Rhd8 17. Rc1 Qd7 18. 0-0 f5 19. Rfd1 a5 20. a3 Qa4 21. f4 axb4 22. axb4 e4 23. Qc2 Qxc2 24. Rxc2 Ra8 25. Kf2 Ra3 26. Rb1 Rda8 27. Rd1 Rd8 28. Nd4 Bxd4 29. Rxd4 Ke6 30. c4 Rd3 31. cxd5+ Rxd5 32. Rxd5 Kxd5 33. b5 Rb3 34. c6 bxc6 35. bxc6 Rb8 36. c7 Rc8 37. Kg3 Kd6 38. Kh4 h6 39. g4 Rxc7 40. Rxc7 Kxc7 41. gxf5 gxf5 42. Kh5 Kd6 43. Kg6 Ke6 44. h3 h5 45. h4 1-0

[Event "Ruhrgebiet Verbandsklasse Gruppe 3 1819"]
[Site "Nordrheinwestfalen"]
[Date "2019.02.03"]
[Round "6.5"]
[White "Vavro, Maximilian"]
[Black "Stephan, Joerg"]
[Result "1-0"]
[WhiteElo "1694"]
[BlackElo "1738"]
[PlyCount "99"]
[EventDate "2018.09.23"]
[EventType "team-tourn"]
[EventRounds "9"]
[EventCountry "GER"]
[SourceTitle "EXT 2022"]
[Source "ChessBase"]
[SourceDate "2021.10.06"]
[SourceVersion "1"]
[SourceVersionDate "2021.10.06"]
[SourceQuality "1"]
[WhiteTeam "Muelheim Nord IV"]
[BlackTeam "Witten"]
[WhiteTeamCountry "GER"]
[BlackTeamCountry "GER"]

1. d4 d5 2. c4 c6 3. Nf3 Nf6 4. Nc3 e6 5. a3 Bd6 6. Bg5 Nbd7 7. e4 dxe4 8. Nxe4 Be7 9. Nfd2 Nxe4 10. Bxe7 Qxe7 11. Nxe4 Nf6 12. Bd3 Nxe4 13. Bxe4 0-0 14. Qc2 g6 15. 0-0-0 Rb8 16. h4 e5 17. h5 f5 18. hxg6 hxg6 19. Bf3 e4 20. Be2 Qg5+ 21. Kb1 Bd7 22. Qb3 Kg7 23. Rh2 b6 24. Rdh1 Rh8 25. Qc3 Qf6 26. Qg3 f4 27. Qc3 Rxh2 28. Rxh2 Rh8 29. Rxh8 Kxh8 30. Qb4 Bf5 31. g4 fxg3 32. fxg3 e3+ 33. Ka2 Qxd4 34. Qf8+ Kh7 35. Qe7+ Kh6 36. g4 Bxg4 37. Qh4+ Kg7 38. Qxg4 Qxg4 39. Bxg4 Kf6 40. Kb3 Kg5 41. Be2 Kf4 42. Kc2 g5 43. Kd1 Kg3 44. Ke1 Kg2 45. Bh5 Kg3 46. Ke2 Kf4 47. Be8 c5 48. Bc6 a5 49. a4 g4 50. Bb7 1-0

[Event "Ruhrgebiet Verbandsklasse Gruppe 3 1819"]
[Site "Nordrheinwestfalen"]
[Date "2018.11.04"]
[Round "3.6"]
[White "Zimmermann, Dirk"]
[Black "Vavro, Maximilian"]
[Result "1-0"]
[WhiteElo "1893"]
[BlackElo "1694"]
[PlyCount "121"]
[EventDate "2018.09.23"]
[EventType "team-tourn"]
[EventRounds "9"]
[EventCountry "GER"]
[SourceTitle "EXT 2022"]
[Source "ChessBase"]
[SourceDate "2021.10.06"]
[SourceVersion "1"]
[SourceVersionDate "2021.10.06"]
[SourceQuality "1"]
[WhiteTeam "Brambauer"]
[BlackTeam "Muelheim Nord IV"]
[WhiteTeamCountry "GER"]
[BlackTeamCountry "GER"]

1. e4 e6 2. d4 d5 3. Nc3 dxe4 4. Nxe4 Nf6 5. Nxf6+ Qxf6 6. Nf3 h6 7. Be3 Bd6 8. Be2 0-0 9. 0-0 Rd8 10. c3 c5 11. Qb3 Nd7 12. Rad1 b6 13. d5 Ne5 14. Nxe5 Qxe5 15. g3 Be7 16. Bf3 Qf5 17. Bg2 Ba6 18. c4 exd5 19. Bxd5 Rxd5 20. Rxd5 Qe4 21. f3 Qxc4 22. Rf2 Qxb3 23. axb3 Bc8 24. g4 Be6 25. Rd3 Rc8 26. Kg2 Bf6 27. h3 c4 28. bxc4 Rxc4 29. Ra3 Rc7 30. Rd2 Be7 31. Rc3 Rxc3 32. bxc3 Bf6 33. Bd4 Bxd4 34. Rxd4 b5 35. Rd8+ Kh7 36. Ra8 h5 37. Rxa7 hxg4 38. hxg4 Kg6 39. Kg3 Kf6 40. f4 g6 41. Rb7 Bc4 42. Rb6+ Ke7 43. Kf3 Kd7 44. Ke4 Kc7 45. Rf6 Kd7 46. Ke5 Bb3 47. Ra6 Bc4 48. Rd6+ Ke7 49. Rb6 Kd7 50. Kd4 Be2 51. g5 Ke7 52. Kc5 Kd7 53. Rxb5 Bxb5 54. Kxb5 Ke6 55. c4 Kf5 56. c5 Kxf4 57. c6 Kxg5 58. c7 f5 59. c8Q Kf4 60. Kc4 Ke3 61. Qe6+ 1-0

[Event "Ruhrgebiet Verbandsklasse Gruppe 2 1516"]
[Site "Germany"]
[Date "2016.04.24"]
[Round "9.7"]
[White "Vavro, Maximilian"]
[Black "Steinke, Matthias"]
[Result "1-0"]
[WhiteElo "1747"]
[BlackElo "1838"]
[PlyCount "67"]
[EventDate "2015.09.06"]
[EventType "team-tourn"]
[EventRounds "9"]
[EventCountry "GER"]
[SourceTitle "EXT 2022"]
[Source "ChessBase"]
[SourceDate "2021.10.06"]
[SourceVersion "1"]
[SourceVersionDate "2021.10.06"]
[SourceQuality "1"]
[WhiteTeam "Muelheim Nord IV"]
[BlackTeam "Gerthe Werne"]
[WhiteTeamCountry "GER"]
[BlackTeamCountry "GER"]

1. Nf3 d5 2. g3 Nf6 3. Bg2 e6 4. 0-0 Bd6 5. d3 Nbd7 6. c4 0-0 7. Nc3 Re8 8. a3 a5 9. Be3 c6 10. Qb3 Rb8 11. Rac1 Bc5 12. Nd1 Bxe3 13. Nxe3 Nf8 14. Ne5 Ng6 15. Nxc6 Qd6 16. Nxb8 Qxb8 17. Qb5 b6 18. cxd5 Bd7 19. Qb3 exd5 20. Nxd5 Rxe2 21. Nxf6+ gxf6 22. Rfe1 Qe5 23. Rxe2 Qxe2 24. Qxb6 Qd2 25. Rf1 Kg7 26. Qd4 Bb5 27. Qc3 Qxc3 28. bxc3 Bxd3 29. Rd1 Bc2 30. Rd5 a4 31. Bf3 Ne5 32. Bd1 Bb3 33. Bxb3 axb3 34. Rb5 1-0

[Event "Ruhrgebiet Verbandsklasse Gruppe 2 1516"]
[Site "Germany"]
[Date "2016.02.21"]
[Round "7.7"]
[White "Eusgeld, Michael"]
[Black "Vavro, Maximilian"]
[Result "1/2-1/2"]
[WhiteElo "1755"]
[BlackElo "1747"]
[PlyCount "66"]
[EventDate "2015.09.06"]
[EventType "team-tourn"]
[EventRounds "9"]
[EventCountry "GER"]
[SourceTitle "EXT 2022"]
[Source "ChessBase"]
[SourceDate "2021.10.06"]
[SourceVersion "1"]
[SourceVersionDate "2021.10.06"]
[SourceQuality "1"]
[WhiteTeam "Essen SK Germania Kupferdreh"]
[BlackTeam "Muelheim Nord IV"]
[WhiteTeamCountry "GER"]
[BlackTeamCountry "GER"]

1. d4 d5 2. c4 c6 3. cxd5 cxd5 4. Nf3 Nf6 5. Bf4 Bf5 6. Nc3 e6 7. e3 Bd6 8. Bb5+ Nc6 9. Ne5 Bxe5 10. Bxe5 0-0 11. Bg3 Qb6 12. Bd6 Rfc8 13. Bc5 Qc7 14. 0-0 Ng4 15. g3 h5 16. Be2 b6 17. Ba3 Na5 18. Nb5 Qc2 19. Nd6 Rc6 20. Rc1 Qxd1 21. Rfxd1 Bc2 22. Rd2 Bg6 23. Rxc6 Nxc6 24. Rd1 Nf6 25. Rc1 Nd8 26. f3 a6 27. Nc8 b5 28. Ne7+ Kh7 29. Nxg6 Kxg6 30. Bd3+ Kh6 31. h4 g6 32. Bf8+ Kh7 33. Be7 Kg7 1/2-1/2

[Event "Ruhrgebiet Verbandsklasse Gruppe 2 1516"]
[Site "Germany"]
[Date "2016.01.24"]
[Round "6.6"]
[White "Eckardt, Samuel"]
[Black "Vavro, Maximilian"]
[Result "1/2-1/2"]
[WhiteElo "1768"]
[BlackElo "1747"]
[PlyCount "58"]
[EventDate "2015.09.06"]
[EventType "team-tourn"]
[EventRounds "9"]
[EventCountry "GER"]
[SourceTitle "EXT 2022"]
[Source "ChessBase"]
[SourceDate "2021.10.06"]
[SourceVersion "1"]
[SourceVersionDate "2021.10.06"]
[SourceQuality "1"]
[WhiteTeam "Horst Emscher II"]
[BlackTeam "Muelheim Nord IV"]
[WhiteTeamCountry "GER"]
[BlackTeamCountry "GER"]

1. d4 d5 2. Nf3 Nf6 3. c4 c6 4. Nc3 e6 5. Bg5 Bb4 6. Qb3 Ba5 7. e3 Nbd7 8. Bd3 0-0 9. 0-0 Qb6 10. Qc2 Bxc3 11. bxc3 h6 12. c5 Qa5 13. Bf4 b6 14. cxb6 axb6 15. c4 Ba6 16. Rfb1 Rfc8 17. Bd6 Bxc4 18. Bxc4 dxc4 19. Qxc4 Qd5 20. Qxd5 cxd5 21. a3 Ne4 22. Bg3 Rc3 23. a4 Rc4 24. Ne5 Nxe5 25. Bxe5 Rcxa4 26. Rxa4 Rxa4 27. f3 Nc3 28. Rxb6 Ra1+ 29. Kf2 Ra2+ 1/2-1/2

[Event "Ruhrgebiet Verbandsklasse Gruppe 2 1516"]
[Site "Germany"]
[Date "2015.09.06"]
[Round "1.8"]
[White "Vavro, Maximilian"]
[Black "Horenburg, Oliver"]
[Result "0-1"]
[WhiteElo "1747"]
[BlackElo "1803"]
[PlyCount "44"]
[EventDate "2015.09.06"]
[EventType "team-tourn"]
[EventRounds "9"]
[EventCountry "GER"]
[SourceTitle "EXT 2022"]
[Source "ChessBase"]
[SourceDate "2021.10.06"]
[SourceVersion "1"]
[SourceVersionDate "2021.10.06"]
[SourceQuality "1"]
[WhiteTeam "Muelheim Nord IV"]
[BlackTeam "Eichlinghofen SV"]
[WhiteTeamCountry "GER"]
[BlackTeamCountry "GER"]

1. d4 Nf6 2. Nf3 e6 3. c4 b6 4. e3 Bb7 5. Bd3 d5 6. Nc3 Be7 7. 0-0 0-0 8. b3 Nbd7 9. Bb2 Ne4 10. Rc1 f5 11. Qc2 c6 12. Ne5 Rf6 13. f4 Rh6 14. cxd5 Nxe5 15. dxe5 Bc5 16. Rfe1 Qh4 17. h3 Qg3 18. Qe2 Rxh3 19. Bxe4 fxe4 20. Nxe4 Qh2+ 21. Kf1 Qxf4+ 22. Nf2 Rh1# 0-1

[Event "Ruhrgebiet Verbandsklasse Gruppe 2 1415"]
[Site "Germany"]
[Date "2015.04.26"]
[Round "9.2"]
[White "Vavro, Maximilian"]
[Black "Wernitz, Albert Peter"]
[Result "1/2-1/2"]
[WhiteElo "1723"]
[BlackElo "1964"]
[PlyCount "41"]
[EventDate "2014.09.21"]
[EventType "team-tourn"]
[EventRounds "9"]
[EventCountry "GER"]
[SourceTitle "EXT 2022"]
[Source "ChessBase"]
[SourceDate "2021.10.06"]
[SourceVersion "1"]
[SourceVersionDate "2021.10.06"]
[SourceQuality "1"]
[WhiteTeam "Muelheim Nord V"]
[BlackTeam "Recklinghausen Altstadt"]
[WhiteTeamCountry "GER"]
[BlackTeamCountry "GER"]

1. d4 Nf6 2. Nf3 g6 3. g3 Bg7 4. Bg2 0-0 5. 0-0 d6 6. c3 c6 7. Bf4 Nd5 8. Bd2 Nf6 9. Re1 d5 10. Bg5 Bf5 11. Nbd2 Nbd7 12. Nh4 Be6 13. e4 dxe4 14. Nxe4 Nxe4 15. Bxe4 Nf6 16. Bg2 Bd5 17. Qc1 Bxg2 18. Nxg2 Qd7 19. Bh6 Rfe8 20. Bxg7 Kxg7 21. Nf4 1/2-1/2

[Event "Ruhrgebiet Verbandsklasse Gruppe 2 1415"]
[Site "Germany"]
[Date "2015.03.29"]
[Round "8.3"]
[White "Vavro, Maximilian"]
[Black "Ratzmann, Stefan"]
[Result "1/2-1/2"]
[WhiteElo "1742"]
[BlackElo "1913"]
[PlyCount "73"]
[EventDate "2014.09.21"]
[EventType "team-tourn"]
[EventRounds "9"]
[EventCountry "GER"]
[SourceTitle "EXT 2022"]
[Source "ChessBase"]
[SourceDate "2021.10.06"]
[SourceVersion "1"]
[SourceVersionDate "2021.10.06"]
[SourceQuality "1"]
[WhiteTeam "Muelheim Nord V"]
[BlackTeam "Oberhausen SV III"]
[WhiteTeamCountry "GER"]
[BlackTeamCountry "GER"]

1. Nf3 d5 2. g3 Nf6 3. Bg2 c6 4. 0-0 g6 5. d3 Bg7 6. c3 0-0 7. Qa4 Nbd7 8. Qh4 Re8 9. Bg5 Qc7 10. Nbd2 Nf8 11. Rfe1 Ne6 12. e4 Nxg5 13. Nxg5 h6 14. Ngf3 g5 15. Nxg5 hxg5 16. Qxg5 Nh7 17. Qe3 Nf6 18. h4 Ng4 19. Qg5 f6 20. Qh5 Bd7 21. exd5 Ne5 22. Be4 Bg4 23. Qh7+ Kf7 24. Nc4 Nf3+ 25. Bxf3 Bxf3 26. Ne5+ fxe5 27. Qf5+ Kg8 28. Qxf3 Rf8 29. Qe4 Qb6 30. Re2 cxd5 31. Qxd5+ e6 32. Qe4 Rf5 33. Rd1 Raf8 34. Rdd2 Rf3 35. Qg4 Kh8 36. Qh5+ Kg8 37. Qg4 1/2-1/2

[Event "Ruhrgebiet Verbandsklasse Gruppe 2 1415"]
[Site "Germany"]
[Date "2015.01.18"]
[Round "5.4"]
[White "Vavro, Maximilian"]
[Black "Oberkalkofen, Christof"]
[Result "0-1"]
[WhiteElo "1742"]
[BlackElo "1728"]
[PlyCount "46"]
[EventDate "2014.09.21"]
[EventType "team-tourn"]
[EventRounds "9"]
[EventCountry "GER"]
[SourceTitle "EXT 2022"]
[Source "ChessBase"]
[SourceDate "2021.10.06"]
[SourceVersion "1"]
[SourceVersionDate "2021.10.06"]
[SourceQuality "1"]
[WhiteTeam "Muelheim Nord V"]
[BlackTeam "Bochum SC an der Uni"]
[WhiteTeamCountry "GER"]
[BlackTeamCountry "GER"]

1. d4 d5 2. c4 e6 3. Nf3 c5 4. e3 Nc6 5. Nc3 Nf6 6. Bd3 a6 7. a4 Bd6 8. 0-0 0-0 9. Re1 Nb4 10. e4 cxd4 11. Nxd4 e5 12. Nf3 d4 13. Nd5 Nfxd5 14. cxd5 Bg4 15. Be2 Rc8 16. Bd3 Qf6 17. b3 Bxf3 18. gxf3 Rc3 19. Bb1 Rfc8 20. Ba3 Rxf3 21. Bxb4 Bxb4 22. Re2 Qg5+ 23. Kh1 Rc1 0-1

[Event "Ruhrgebiet Verbandsklasse Gruppe 2 1415"]
[Site "Germany"]
[Date "2014.11.16"]
[Round "3.4"]
[White "Vavro, Maximilian"]
[Black "Lucke, Thomas"]
[Result "1/2-1/2"]
[WhiteElo "1742"]
[BlackElo "1875"]
[PlyCount "49"]
[EventDate "2014.09.21"]
[EventType "team-tourn"]
[EventRounds "9"]
[EventCountry "GER"]
[SourceTitle "EXT 2022"]
[Source "ChessBase"]
[SourceDate "2021.10.06"]
[SourceVersion "1"]
[SourceVersionDate "2021.10.06"]
[SourceQuality "1"]
[WhiteTeam "Muelheim Nord V"]
[BlackTeam "Castrop Rauxel II"]
[WhiteTeamCountry "GER"]
[BlackTeamCountry "GER"]

1. c4 c6 2. Nf3 d5 3. g3 Nf6 4. Bg2 e6 5. 0-0 Be7 6. d4 0-0 7. Nc3 b6 8. b3 Bb7 9. Bb2 dxc4 10. bxc4 c5 11. e3 Ne4 12. Qc2 Nxc3 13. Bxc3 cxd4 14. exd4 Qc7 15. Bb2 Rd8 16. Rfd1 Na6 17. Ne5 Bxg2 18. Kxg2 Rac8 19. Rac1 Bf6 20. f4 g6 21. Qe4 Kg7 22. Ng4 Nc5 23. Qe2 Qb7+ 24. Kg1 Nd7 25. Nxf6 1/2-1/2

[Event "NRW Verbandsklasse Group2 1314"]
[Site "Nordrheinwestfalen"]
[Date "2014.02.16"]
[Round "7.8"]
[White "Vavro, Maximilian"]
[Black "Laake, Reinhard"]
[Result "1/2-1/2"]
[WhiteElo "1794"]
[BlackElo "1951"]
[PlyCount "94"]
[EventDate "2013.09.08"]
[EventType "team-tourn"]
[EventRounds "9"]
[EventCountry "GER"]
[SourceTitle "EXT 2020"]
[Source "ChessBase"]
[SourceDate "2019.10.17"]
[SourceVersion "1"]
[SourceVersionDate "2019.10.17"]
[SourceQuality "1"]
[WhiteTeam "Muelheim Nord IV"]
[BlackTeam "Horst Emscher II"]
[WhiteTeamCountry "GER"]
[BlackTeamCountry "GER"]

1. d4 Nf6 2. c4 g6 3. Nf3 Bg7 4. Bf4 0-0 5. e3 c5 6. Bd3 d6 7. 0-0 Nh5 8. Bg3 Nxg3 9. hxg3 Nc6 10. Be4 cxd4 11. exd4 Qb6 12. Bxc6 bxc6 13. b3 Bg4 14. Nc3 Bxf3 15. gxf3 Qxd4 16. Rc1 Qxd1 17. Rfxd1 Bxc3 18. Rxc3 Rfd8 19. Re3 Rd7 20. f4 a5 21. Kf1 Rb7 22. a4 Kg7 23. Rdd3 f5 24. Ke2 Kf6 25. Kd2 h5 26. Kc2 Rh8 27. Kb2 h4 28. Rd1 hxg3 29. fxg3 Rh2+ 30. Kc3 g5 31. Rde1 gxf4 32. gxf4 Rf2 33. c5 dxc5 34. Re6+ Kf7 35. Rxc6 Rxf4 36. Rxc5 Rf3+ 37. Kc2 Rbxb3 38. Rxa5 e6 39. Rh1 Ra3 40. Rh6 Rf2+ 41. Kb1 Rg3 42. Ra7+ Kg8 43. Rh1 f4 44. a5 Rb3+ 45. Kc1 Ra3 46. Kb1 Rfa2 47. Rhh7 Ra1+ 1/2-1/2

[Event "NRW Verbandsklasse Group2 1314"]
[Site "Nordrheinwestfalen"]
[Date "2013.11.03"]
[Round "3.6"]
[White "Vavro, Maximilian"]
[Black "Brockmann, Fabian"]
[Result "1-0"]
[WhiteElo "1794"]
[BlackElo "1926"]
[PlyCount "91"]
[EventDate "2013.09.08"]
[EventType "team-tourn"]
[EventRounds "9"]
[EventCountry "GER"]
[SourceTitle "EXT 2020"]
[Source "ChessBase"]
[SourceDate "2019.10.17"]
[SourceVersion "1"]
[SourceVersionDate "2019.10.17"]
[SourceQuality "1"]
[WhiteTeam "Muelheim Nord IV"]
[BlackTeam "Dortmund Hansa III"]
[WhiteTeamCountry "GER"]
[BlackTeamCountry "GER"]

1. c4 e5 2. g3 c5 3. Bg2 g6 4. Nf3 Bg7 5. Nc3 Ne7 6. 0-0 Nbc6 7. d3 0-0 8. Be3 d6 9. Qd2 Nf5 10. Nd5 Nxe3 11. Qxe3 Rb8 12. Rab1 h6 13. a3 b5 14. b4 bxc4 15. dxc4 Bf5 16. Rb3 Bc2 17. Rc3 Nd4 18. Qd2 Ba4 19. Nxd4 cxd4 20. Rcc1 Bc6 21. Ne7+ Qxe7 22. Bxc6 e4 23. e3 d3 24. f3 f5 25. Qg2 Qg5 26. Rfe1 exf3 27. Bxf3 Bd4 28. Qd2 Rfe8 29. Kf2 f4 30. gxf4 Qxf4 31. Qxd3 Qxh2+ 32. Kf1 Qh3+ 33. Bg2 Rf8+ 34. Kg1 Qg3 35. Qxd4 Qf2+ 36. Kh1 Rf5 37. Qg4 Rg5 38. Qe6+ Kh7 39. Rg1 Rh5+ 40. Bh3 Qf3+ 41. Kh2 g5 42. Qg4 Qf2+ 43. Rg2 Qxe3 44. Qxh5 Qxc1 45. Qf7+ Kh8 46. Qf6+ 1-0

[Event "Ruhrgebiet VK1 1213"]
[Site "Nordrheinwestfalen"]
[Date "2013.04.28"]
[Round "9.8"]
[White "Krolik, Wilfried"]
[Black "Vavro, Maximilian"]
[Result "1-0"]
[WhiteElo "1504"]
[BlackElo "1795"]
[PlyCount "115"]
[EventDate "2012.09.02"]
[EventType "team-tourn"]
[EventRounds "9"]
[EventCountry "GER"]
[SourceTitle "EXT 2020"]
[Source "ChessBase"]
[SourceDate "2019.10.17"]
[SourceVersion "1"]
[SourceVersionDate "2019.10.17"]
[SourceQuality "1"]
[WhiteTeam "Waltrop SV"]
[BlackTeam "Muelheim Nord IV"]
[WhiteTeamCountry "GER"]
[BlackTeamCountry "GER"]

1. e4 c6 2. d4 d5 3. Nc3 e6 4. a3 dxe4 5. Nxe4 Nf6 6. Nxf6+ Qxf6 7. Nf3 h6 8. g3 Bd6 9. Bg2 0-0 10. 0-0 Nd7 11. Be3 Rd8 12. Nd2 Nb6 13. Ne4 Qe7 14. Qe2 Nd5 15. c4 Nf6 16. Nxd6 Rxd6 17. Rfd1 Qe8 18. Bf4 Rd8 19. Be5 Nd7 20. Bc7 Nf6 21. Bxd8 Qxd8 22. Rd2 Qc7 23. Rad1 b6 24. Qe5 Qd7 25. d5 cxd5 26. cxd5 Qb5 27. Qd6 exd5 28. Bxd5 Nxd5 29. Qxd5 Qxd5 30. Rxd5 Be6 31. Rd8+ Rxd8 32. Rxd8+ Kh7 33. Ra8 a5 34. Rb8 a4 35. Rxb6 Kg8 36. f4 Kf8 37. Kf2 Ke7 38. Ke3 h5 39. h4 g6 40. Kd4 Bg4 41. b3 axb3 42. Rxb3 Kf6 43. a4 Be2 44. Re3 Bf1 45. Re5 Kg7 46. a5 f6 47. Re1 Bb5 48. Kc5 Ba6 49. Kb6 Bc4 50. a6 Kf7 51. a7 Bd5 52. Kc7 g5 53. fxg5 fxg5 54. hxg5 Kg6 55. Kb8 Bf3 56. a8Q Bxa8 57. Kxa8 Kxg5 58. Re4 1-0

[Event "GER-chT U14"]
[Site "Magdeburg"]
[Date "2010.12.29"]
[Round "5.4"]
[White "Walczak, Charley"]
[Black "Vavro, Maximilian"]
[Result "1-0"]
[WhiteElo "1131"]
[BlackElo "1539"]
[PlyCount "73"]
[EventDate "2010.12.27"]
[EventType "team-swiss"]
[EventRounds "7"]
[EventCountry "GER"]
[SourceTitle "CBM 140 Extra"]
[Source "ChessBase"]
[SourceDate "2011.03.01"]
[SourceVersion "1"]
[SourceVersionDate "2011.03.01"]
[SourceQuality "1"]
[WhiteTeam "Dresden Striessen"]
[BlackTeam "Muelheim Nord"]
[WhiteTeamCountry "GER"]
[BlackTeamCountry "GER"]

1. Nf3 c5 2. c4 g6 3. g3 Bg7 4. Bg2 e6 5. Nc3 Ne7 6. d4 cxd4 7. Nxd4 Nbc6 8. Ndb5 0-0 9. 0-0 a6 10. Nd6 Bxc3 11. bxc3 Rb8 12. c5 Qc7 13. Bh6 Rd8 14. Qd4 Ne5 15. Qf4 Nf5 16. Bg5 Nc6 17. g4 Nxd6 18. cxd6 Qa5 19. Bxc6 bxc6 20. Qf6 Qxg5 21. Qxg5 Rf8 22. Rab1 f6 23. Qh6 Rb5 24. Rxb5 cxb5 25. Qe3 f5 26. g5 Bb7 27. Qa7 Bc6 28. Rb1 f4 29. f3 Rf5 30. h4 Re5 31. Kf2 Rd5 32. Ke1 Kf7 33. Rd1 Re5 34. Qd4 Re3 35. Rd3 Bxf3 36. Rxe3 fxe3 37. Qf6+ 1-0

[Event "GER-chT U14"]
[Site "Magdeburg"]
[Date "2010.12.28"]
[Round "4.4"]
[White "Vavro, Maximilian"]
[Black "Grabowski, Felix"]
[Result "1-0"]
[WhiteElo "1539"]
[BlackElo "1195"]
[PlyCount "105"]
[EventDate "2010.12.27"]
[EventType "team-swiss"]
[EventRounds "7"]
[EventCountry "GER"]
[SourceTitle "CBM 140 Extra"]
[Source "ChessBase"]
[SourceDate "2011.03.01"]
[SourceVersion "1"]
[SourceVersionDate "2011.03.01"]
[SourceQuality "1"]
[WhiteTeam "Muelheim Nord"]
[BlackTeam "Kriegshaber"]
[WhiteTeamCountry "GER"]
[BlackTeamCountry "GER"]

1. c4 c5 2. Nc3 e6 3. g3 Nf6 4. Bg2 a6 5. e3 d6 6. d4 cxd4 7. exd4 Qc7 8. b3 Nbd7 9. Nge2 Be7 10. 0-0 0-0 11. Bb2 Rb8 12. a4 b6 13. d5 exd5 14. Nxd5 Nxd5 15. Bxd5 Nf6 16. Nc3 Bb7 17. Re1 Rfe8 18. Qf3 Bxd5 19. Nxd5 Nxd5 20. Qxd5 Qc5 21. Rad1 Qxd5 22. Rxd5 h6 23. Ba3 Rbd8 24. Bxd6 Bxd6 25. Rxe8+ Rxe8 26. Rxd6 Rb8 27. Kf1 Kf8 28. Ke2 Ke7 29. Rd4 g6 30. Kd3 Ke6 31. b4 Rc8 32. b5 axb5 33. cxb5 Rc1 34. Rc4 Rd1+ 35. Ke2 Rd6 36. Ke3 f5 37. f4 Kd5 38. Rd4+ Kc5 39. Rxd6 Kxd6 40. Kd4 Ke6 41. Kc4 Kd6 42. Kb4 Kc7 43. a5 bxa5+ 44. Kxa5 Kb7 45. h4 h5 46. b6 Kb8 47. Ka6 Ka8 48. b7+ Kb8 49. Kb6 g5 50. fxg5 f4 51. g6 fxg3 52. g7 g2 53. g8Q# 1-0

[Event "NRW-ch U12"]
[Site "Kranenburg"]
[Date "2008.03.24"]
[Round "1"]
[White "Vavro, Maximilian"]
[Black "Huemmecke, Aaron"]
[Result "0-1"]
[WhiteElo "1193"]
[BlackElo "1507"]
[PlyCount "68"]
[EventDate "2008.03.24"]
[EventType "swiss"]
[EventRounds "7"]
[EventCountry "GER"]
[SourceTitle "EXT 2009"]
[Source "ChessBase"]
[SourceDate "2008.11.26"]
[SourceVersion "1"]
[SourceVersionDate "2008.11.26"]
[SourceQuality "1"]

1. e4 e5 2. Nf3 Nc6 3. Bc4 Nf6 4. Nc3 Nxe4 5. Nxe4 d5 6. Bd3 dxe4 7. Bxe4 Bg4 8. c3 Bc5 9. Qa4 Qf6 10. Qb5 Bxf3 11. gxf3 Bb6 12. Qe2 0-0-0 13. d3 Qe6 14. Rg1 f6 15. Be3 Bxe3 16. Qxe3 Kb8 17. b3 f5 18. Bxc6 Qxc6 19. c4 Qa6 20. Kd2 Rhe8 21. Kc2 Rd4 22. Rge1 Red8 23. a4 Qd6 24. Rad1 e4 25. fxe4 fxe4 26. h3 exd3+ 27. Kd2 Qb4+ 28. Kc1 Qc3+ 29. Kb1 Qxb3+ 30. Ka1 Rxc4 31. Qe8 Rxa4+ 32. Qxa4 Qxa4+ 33. Kb2 b5 34. Re3 Qxd1 0-1